000 01031nam a2200241 a 4500
001 BRCA_1624
005 20190320203501.0
008 270508s1996----it-a---###---#000-0#eng-#
020 _a0892633492
050 4 _aND613
_b.W55 1996
100 1 _aWilson, Carolyn C.
_95082
245 1 0 _aItalian Paintings
_bXIV-XVI Centuries in the Museum of Fine Arts, Houston
_cCarolyn C. Wilson.
260 _aHouston, Texas
_bThe Museum of Fine Arts : Rice University : Merrell Holberton
_c1996
300 _a416 p.
_bil. (algunas a color)
_c30 cm.
500 _aCatálogo de la exposición realizada en The Museum of Fine Arts (Houston), 1996
500 _aIncluye apéndice e índice alfabético
610 2 4 _aMuseum of Fine Arts
_vCatálogos
_zHouston, Texas (Estados Unidos)
_95083
650 1 4 _aPintura italiana
_vCatálogos
_95084
650 1 4 _aPintura gótica
_vCatálogos
_zItalia
_95085
650 1 4 _aPintura renacentista
_vCatálogos
_zItalia
_95086
650 1 4 _aPintura
_vCatálogos
_zHouston, Texas (Estados Unidos)
_95087
942 _2lcc
_cB
999 _c1430
_d1430